00253nam a22001097a 4500003000400000020002200004082001300026100002400039245003700063260003600100300000700136SGT a978-81-7307-179-9 a746bTUT aTUTEJA, DR. H. KAUR aSUSTAINBLE FASHION AND TEXTILES  aINDIA bPARGATIPRAKASHAN c2022 a99